Business and the Environment Implications of the New Environmentalism
Uložené v:
| Ďalší autori: | |
|---|---|
| Médium: | Kniha |
| Jazyk: | English |
| Vydavateľské údaje: |
New York
St. Martin's Press
1993
|
| Vydanie: | 1. ed. |
| Predmet: | |
| Tagy: |
Žiadne tagy, Buďte prvý, kto otaguje tento záznam!
|
MARC
| LEADER | 00000nam a2200000 4500 | ||
|---|---|---|---|
| 001 | c018972 | ||
| 005 | 20221206074259.8 | ||
| 020 | |a 0-312-09518-X | ||
| 041 | 0 | |a eng | |
| 044 | |a US | ||
| 245 | 1 | 0 | |a Business and the Environment |b Implications of the New Environmentalism |c Edit. Denis Smith |
| 250 | |a 1. ed. | ||
| 264 | 1 | |a New York |b St. Martin's Press |c 1993 | |
| 300 | |a 194 s. | ||
| 610 | 2 | 0 | |a environmentalistika |
| 610 | 2 | 0 | |a prostredie životné |
| 610 | 2 | 0 | |a prostredie prírodné |
| 610 | 2 | 0 | |a ochrana prostredia životného |
| 610 | 2 | 0 | |a priemysel |
| 610 | 2 | 0 | |a riadenie priemyslu |
| 610 | 2 | 0 | |a spoločnosť globálna |
| 610 | 2 | 0 | |a politika |
| 610 | 2 | 0 | |a politika environmentálna |
| 610 | 2 | 0 | |a politika medzinárodná |
| 610 | 2 | 0 | |a obchod |
| 610 | 2 | 0 | |a vzťahy právne |
| 610 | 2 | 0 | |a vzťahy spoločenské |
| 700 | 1 | |a Smith, Denis | |